| 000 | 00543nam a22001697a 4500 | ||
|---|---|---|---|
| 003 | PILC | ||
| 005 | 20150112093425.0 | ||
| 008 | 130221t xxu||||| |||| 00| 0 eng d | ||
| 020 | _a9719213701 | ||
| 050 |
_aTX 911 _b.R744 1999 |
||
| 082 |
_aHSFf 647.94 _bR64 1999 |
||
| 100 |
_aRoldan, Amelia Samson. _912393 |
||
| 245 |
_aOperating and managing a hotel and restaurant business / _cAmelia Samson Roldan |
||
| 260 |
_aParaƱaque _bAR Skills Development and Management Services _c1999. |
||
| 300 |
_a285 pages : _bill. _c26 cm. |
||
| 942 |
_2lcc _cBK |
||
| 999 |
_c1871 _d1871 |
||